Statistics for Pokemon Multiple Choice - Ice type

Click here to take the quiz!

General Stats

  • This quiz has been taken 15 times
  • The average score is 6 of 10

Answer Stats

QuestionAnswer% Correct
The tallestAurorus
92%
The shortestDelibird
92%
Has a gigantamax formLapras
83%
The lightestDelibird
75%
Can mega evolveGlalie
75%
Has the most type weaknesses (6)Aurorus
58%
Does not learn an Ice type move via level upDelibird
58%
The fastestCryogonal
42%
The heaviestGlalie
33%
Can have the ability Ice BodyGlalie
25%

Score Distribution

Percentile by Number Answered

Percent of People with Each Score

Your Score History

You have not taken this quiz